Pedro Gálvez: Seneca (učiteľ cisára Nera)

Bibliographic Details
Main Author: Bodacz, Bohuš, 1955-2020 (Author)
Format: Article
Language:Slovak
ISSN:1335-7786
Subjects:

MARC

LEADER 00000nab a2200000 a 4500
001 vtls010107786
003 SK-MaSNL
005 20260304183323.0
008 250708c2010 xo ||||||||||||00 b|slo
015 |a SNBRB2010/06  |2 snkbucl 
035 |a (uuid)20956e17-a9c6-464a-bd02-c37290254e8a 
035 |a urn:nbn:sk:snk-abeuq5 
035 |a (urnnbn)urn:nbn:sk:snk:ar-000j30 
038 |a SNKBUCL 
040 |a SNKBUCL  |b slo  |c SNKBUCL  |e AACR2 
041 0 |a slo 
044 |a xo  |c SK 
080 |a 82.09:821.134.2-312.6  |x (048)  |2 2001 
080 |a 821.134.2-312.6  |x (048)  |2 2001 
100 1 |a Bodacz, Bohuš,  |d 1955-2020  |4 aut  |9 105616 
245 1 0 |a Pedro Gálvez: Seneca (učiteľ cisára Nera)  |c Bohuš Bodacz 
600 1 7 |a Seneca, Lucius Annaeus,  |d 4 pred Kr.-65 po Kr  |2 snkbucl  |9 183710 
650 0 7 |a španielske romány  |2 snkbucl  |9 92928 
650 0 7 |a biografické romány  |2 snkbucl  |9 82236 
655 7 |a recenzie  |2 snkbucl  |9 21907 
740 0 2 |a Učiteľ cisára Nera 
773 0 |t Slovenské pohľady  |g Roč. IV.+126, č. 5 (2010), s. 125-127  |x 1335-7786 
787 0 8 |i Rec.:  |a Gálvez, Pedro  |t Seneca : učiteľ cisára Nera  |d Bratislava : Slovart, c2008  |z 9788080854751 
850 |a Slovenská národná knižnica 
852 |a Slovenská národná knižnica 
958 |a article27 
958 |a LX 
958 |a ES 
958 |a RC 
958 |a OND 
958 |a EUIPO 
999 |c 3034321  |d 3036251